01485nab a22002297a 4500003000400000005001700004008004100021040000700062100002600069245020000095300001300295500003600308505046500344505014700809650002300956650002500979650002401004650002301028650002601051650002901077773014901106OSt20260120232201.0190514b xxu||||| |||| 00| 0 spa d cPJ aCarbonari, Aldana V. 10aSobre la reparación de los daños en el ámbito del derecho de las familias y, en especial, los generados en contexto de violencia familiar, doméstica o de género /cAldana V. Carbonari.  ap. 36-44 aCita: TR LALEY AR/DOC/252/2024. aSumario: I. Base fáctica y jurídica del fallo.— II. La responsabilidad civil en el ámbito de las relaciones de familia.— III. La reparación de los daños generados en contexto de violencia familiar, doméstica o de género.— IV. Respecto de la valoración de la prueba en los procesos civiles caracterizados por violencia de género. Especial referencia a las declaraciones testimoniales en este tipo de procesos.— V. Reflexiones finales.  tFallo comentado: CCiv. y Com., Necochea ~ 11/07/2023 ~ I., M. A. c. F., G. F. s/ daños y perjuicios extracontractual (excl. autom./Estado). 0aDERECHO DE FAMILIA 0aDAÑOS Y PERJUICIOS 0aREPARACION INTEGRAL 0aVIOLENCIA FAMILIAR 0aVIOLENCIA DE GÉNERO 0aJURISPRUDENCIA APLICABLE0 02844dBuenos Aires : AbeledoPerrot, 1989-tDerecho de familia. Revista Interdisciplinaria de doctrina y jurisprudencia. Abril 2024-II.z18511201